Stockholm Nockebybanan Stops - Statistics

General Stats
  • This quiz has been taken 15 times
  • The average score is 6 of 10
Answer Stats
Hint Answer % Correct
Linje 12 Alvik
100%
Linje 12 Nockeby
100%
Linje 12 Nockeby torg
100%
Linje 12 Alléparken
57%
Linje 12 Smedslätten
57%
Linje 12 Olovslund
43%
Linje 12 Ålstensgatan
29%
Linje 12 Höglandstorget
29%
Linje 12 Klövervägen
29%
Linje 12 Ålstens gård
14%
No matching quizzes found
Score Distribution
Percent of People with Each Score
Percentile by Number Answered
Your Score History
You have not taken this quiz